=LDR 00000nam 2200000 4500 =001 INLIS000000000052918 =005 20180315085628 =035 ##$$a 0010-0318000145 =007 ta =008 180315###########################0###### =020 ##$$a 978-979-010-429 =082 ##$$a 631.5 =084 ##$$a 631.5 ZUL k =100 #$$a Zulkarnain H =245 1#$$a Kultur jaringan tanaman : $b Solusi perbanyakn tanaman budi daya /$c Zulkarnain H =250 ##$$a cet. 4 =260 ##$$a Jakarta :$b Bumi Aksara,$c 2017 =300 ##$$a 250 hlm : $b ilus ; $c 23 cm =650 ##$$a Tanaman-perkembangbiakan =700 #$$a Rini Rachmatika =504 ##$$a Bibliografi : hlm. 249 =990 ##$$a 58195819 =990 ##$$a 58195819 =990 ##$$a 58195819 =990 ##$$a 58195819 =990 ##$$a 58195819 =990 ##$$a 21710321 =990 ##$$a 01201805819 =990 ##$$a 01201805820 =990 ##$$a 01201805821 =990 ##$$a 01201805822 =990 ##$$a 21710322 =990 ##$$a 01201805819 =990 ##$$a 01201805820 =990 ##$$a 01201805821 =990 ##$$a 21710321 =990 ##$$a 21710323 =990 ##$$a 01201805819 =990 ##$$a 01201805820 =990 ##$$a 21710322 =990 ##$$a 21710321 =990 ##$$a 21710324 =990 ##$$a 01201805819 =990 ##$$a 21710323 =990 ##$$a 21710322 =990 ##$$a 21710321 =990 ##$$a 21710325 =990 ##$$a 21710324 =990 ##$$a 21710323 =990 ##$$a 21710322 =990 ##$$a 21710321